[Event "Vejle"]
[Site "Vejle"]
[Date "1994.??.??"]
[Round "?"]
[White "Nielsen, Uffe V"]
[Black "Sax, Gyula"]
[Result "0-1"]
[WhiteElo "2385"]
[BlackElo "2520"]
[PlyCount "92"]
[EventDate "1994.02.??"]
[EventType "tourn"]
[EventRounds "9"]
[EventCountry "DEN"]
[EventCategory "10"]
[Source "ChessBase"]
[SourceDate "1994.06.01"]

1. d4 Nf6 2. Nf3 e6 3. c4 c5 4. e3 d5 5. Nc3 Nc6 6. cxd5 exd5 7. Bb5 Bd6 8.
dxc5 Bxc5 9. O-O O-O 10. b3 Bg4 11. Bb2 a6 12. Bxc6 bxc6 13. Rc1 Ba7 14. Na4
Qd6 15. Rc4 Qe6 16. Nc5 Qc8 17. Rc1 Ne4 18. b4 Bxc5 19. bxc5 f6 20. Qd4 Bxf3
21. gxf3 Ng5 22. Qg4 Rb8 23. Bc3 Rb5 24. Rb1 Rxc5 25. Bb4 Rc4 26. Qg3 c5 27.
Ba3 Qf5 28. f4 Ne4 29. Qg2 Ra4 30. Rb3 g6 31. f3 Nd6 32. Bxc5 Rd8 33. Rd1 Nb5
34. Qd2 d4 35. e4 Qxc5 36. Rc1 Rc4 37. Rcb1 d3+ 38. Kh1 Rc2 39. Qa5 Rc8 40.
Qxa6 Rc1+ 41. Kg2 Rxb1 42. Qe6+ Kg7 43. Qd7+ Kh8 44. Rxb1 Nd6 45. Qe6 Qd4 46.
e5 Qxf4 0-1

[Event "Vejle"]
[Site "Vejle"]
[Date "1994.??.??"]
[Round "?"]
[White "Nielsen, Uffe V"]
[Black "Sher, Miron N"]
[Result "1-0"]
[WhiteElo "2385"]
[BlackElo "2520"]
[PlyCount "131"]
[EventDate "1994.02.??"]
[EventType "tourn"]
[EventRounds "9"]
[EventCountry "DEN"]
[EventCategory "10"]
[Source "ChessBase"]
[SourceDate "1994.06.01"]

1. d4 e6 2. e4 d5 3. Nc3 Bb4 4. e5 Ne7 5. Bd2 Bxc3 6. Bxc3 b6 7. Nf3 Qd7 8. Bd3
Ba6 9. Bxa6 Nxa6 10. a4 c5 11. Qe2 Nc7 12. O-O O-O 13. Rfd1 Nc6 14. b3 Rfc8 15.
Bb2 cxd4 16. Nxd4 Nxd4 17. Rxd4 Qc6 18. c4 dxc4 19. Rxc4 Qe8 20. Rac1 Nd5 21.
Ba3 Rxc4 22. Qxc4 h6 23. g3 Qd7 24. h4 Qb7 25. Qc6 Qxc6 26. Rxc6 h5 27. Kg2 Kh7
28. Kf3 Kg6 29. Ke4 Rd8 30. f4 f5+ 31. Kd4 Kf7 32. Bd6 Rh8 33. Kc4 a6 34. a5
b5+ 35. Kd4 Ra8 36. Bc5 b4 37. Kc4 Nc3 38. Rc7+ Kg6 39. Bxb4 Ne4 40. Be1 Rd8
41. Re7 Rd1 42. Bb4 Rc1+ 43. Kd3 Rc6 44. Rb7 Rc8 45. Rb6 Rd8+ 46. Ke3 Ra8 47.
Rxe6+ Kf7 48. Rb6 Nxg3 49. e6+ Kg6 50. e7+ Kf7 51. Rd6 Ke8 52. Kd4 Ne4 53. Rb6
Nf6 54. Rb7 Kf7 55. Ke5 Ne8 56. Kxf5 Rc8 57. Rb6 Rc2 58. Ke4 Rh2 59. Rxa6 Rxh4
60. Rc6 Rh2 61. a6 Ra2 62. Kf3 Nf6 63. Bc5 h4 64. Rc8 Rb2 65. Rf8+ Kg6 66.
Rxf6+ 1-0

[Event "Vejle"]
[Site "Vejle"]
[Date "1994.??.??"]
[Round "?"]
[White "Nielsen, Uffe V"]
[Black "Madsen, Peder"]
[Result "1-0"]
[WhiteElo "2385"]
[BlackElo "2260"]
[PlyCount "80"]
[EventDate "1994.02.??"]
[EventType "tourn"]
[EventRounds "9"]
[EventCountry "DEN"]
[EventCategory "10"]
[Source "ChessBase"]
[SourceDate "1994.06.01"]

1. d4 Nf6 2. Nf3 g6 3. c4 Bg7 4. Nc3 O-O 5. Bg5 c5 6. e3 d6 7. Be2 Nbd7 8. O-O
Re8 9. Qd2 a6 10. Rad1 Qa5 11. h3 h6 12. Bh4 g5 13. Bg3 Nf8 14. dxc5 Qxc5 15.
Nd4 Ng6 16. a3 Bd7 17. b4 Qa7 18. Rc1 Rad8 19. Qc2 Bf8 20. Rfd1 b6 21. Nd5 Nxd5
22. cxd5 Rc8 23. Nc6 Qb7 24. a4 b5 25. axb5 axb5 26. Qd3 e6 27. Qxb5 Qxb5 28.
Bxb5 exd5 29. Ba4 Re4 30. Rd4 Rxd4 31. exd4 Nf4 32. Bxf4 gxf4 33. b5 Ra8 34. b6
Bc8 35. Na7 Bb7 36. Bc6 Rb8 37. Bxb7 Rxb7 38. Nc8 Bg7 39. Rc7 Rb8 40. Ne7+ Kh7
1-0

[Event "Vejle"]
[Site "Vejle"]
[Date "1994.??.??"]
[Round "?"]
[White "Nielsen, Uffe V"]
[Black "Hansen, Curt"]
[Result "0-1"]
[WhiteElo "2385"]
[BlackElo "2580"]
[PlyCount "80"]
[EventDate "1994.02.??"]
[EventType "tourn"]
[EventRounds "9"]
[EventCountry "DEN"]
[EventCategory "10"]
[Source "ChessBase"]
[SourceDate "1994.06.01"]

1. d4 Nf6 2. Nf3 e6 3. c4 d5 4. Nc3 c5 5. e3 Nc6 6. cxd5 Nxd5 7. Bd3 Be7 8. O-O
O-O 9. a3 Nxc3 10. bxc3 b6 11. a4 Bb7 12. Ba3 Qc7 13. Nd2 Rfd8 14. Nc4 g6 15.
f4 Rac8 16. Rc1 cxd4 17. Bxe7 Qxe7 18. cxd4 Nb4 19. Be2 Rc7 20. Qd2 Rdc8 21.
Ne5 Rc2 22. Rxc2 Rxc2 23. Qe1 a5 24. Rf2 Qc7 25. Bf1 Rc1 26. Qd2 Be4 27. h4 Qc2
28. g4 Nd5 29. Qxc2 Bxc2 30. Rf3 Be4 31. Rg3 f6 32. Nd7 Bd3 33. Rf3 Be2 34. Rf2
Bxg4 35. e4 e5 36. f5 Ne3 37. Nxf6+ Kg7 38. Nxg4 Nxg4 39. Rf3 exd4 40. fxg6
hxg6 0-1

[Event "Vejle"]
[Site "Vejle"]
[Date "1994.??.??"]
[Round "?"]
[White "Nielsen, Uffe V"]
[Black "Hector, Jonny"]
[Result "0-1"]
[WhiteElo "2385"]
[BlackElo "2515"]
[PlyCount "44"]
[EventDate "1994.02.??"]
[EventType "tourn"]
[EventRounds "9"]
[EventCountry "DEN"]
[EventCategory "10"]
[Source "ChessBase"]
[SourceDate "1994.06.01"]

1. c4 e6 2. d4 d5 3. Nf3 c6 4. Qc2 Nf6 5. g3 dxc4 6. Qxc4 b5 7. Qb3 a6 8. Bg2
c5 9. dxc5 Bb7 10. O-O Nbd7 11. Rd1 Bd5 12. Qc2 Bxc5 13. Nc3 Rc8 14. Qd2 Bxf2+
15. Kh1 Ba7 16. Qf4 Rc4 17. Qd6 Ng4 18. Qxa6 Nf2+ 19. Kg1 Nxd1+ 20. Qxa7 Nxc3
21. bxc3 O-O 22. Bd2 Ra4 0-1

[Event "Vejle"]
[Site "Vejle"]
[Date "1994.??.??"]
[Round "?"]
[White "Nunn, John DM"]
[Black "Sahl, Bjarke"]
[Result "1-0"]
[WhiteElo "2605"]
[BlackElo "2465"]
[PlyCount "55"]
[EventDate "1994.02.??"]
[EventType "tourn"]
[EventRounds "9"]
[EventCountry "DEN"]
[EventCategory "10"]
[Source "ChessBase"]
[SourceDate "1994.06.01"]

1. e4 e5 2. Nf3 Nc6 3. Nc3 Nf6 4. Bb5 Nd4 5. Ba4 c6 6. Nxe5 d6 7. Nf3 Bg4 8. d3
d5 9. O-O dxe4 10. dxe4 Bxf3 11. gxf3 b5 12. Bb3 Bc5 13. e5 Qd7 14. exf6 O-O-O
15. Kg2 gxf6 16. Ne4 Rhg8+ 17. Ng3 Qc7 18. Qd3 Kb7 19. a4 a6 20. axb5 axb5 21.
Be3 h5 22. Bxd4 Bxd4 23. Qh7 f5 24. c3 Rg7 25. Qxf5 Bxf2 26. Rxf2 h4 27. Qc5
Kb8 28. f4 1-0

[Event "Vejle"]
[Site "Vejle"]
[Date "1994.??.??"]
[Round "?"]
[White "Nunn, John DM"]
[Black "Madsen, Peder"]
[Result "1-0"]
[WhiteElo "2605"]
[BlackElo "2260"]
[PlyCount "84"]
[EventDate "1994.02.??"]
[EventType "tourn"]
[EventRounds "9"]
[EventCountry "DEN"]
[EventCategory "10"]
[Source "ChessBase"]
[SourceDate "1994.06.01"]

1. e4 d5 2. exd5 Qxd5 3. Nc3 Qa5 4. d4 Nf6 5. Nf3 c6 6. Bc4 Bf5 7. Bd2 e6 8.
Qe2 Bb4 9. O-O O-O 10. a3 Bxc3 11. Bxc3 Qc7 12. Bb3 Nbd7 13. Rad1 Bg4 14. h3
Bh5 15. g4 Bg6 16. Ne5 Nxe5 17. Qxe5 Qxe5 18. dxe5 Ne4 19. Bd4 Ng5 20. f4 Ne4
21. Be3 Rfd8 22. Rxd8+ Rxd8 23. f5 exf5 24. gxf5 Bh5 25. e6 b6 26. Rf4 Nf6 27.
Ra4 Nd5 28. Rxa7 fxe6 29. fxe6 Re8 30. Bd4 Rxe6 31. Rxg7+ Kf8 32. Rxh7 Rg6+ 33.
Kf2 Rg5 34. Rb7 Nf4 35. Bxb6 Nxh3+ 36. Ke3 Rg3+ 37. Kd4 Rg4+ 38. Kc5 Rg5+ 39.
Kb4 Rb5+ 40. Ka4 Be8 41. Bc4 Rh5 42. Kb4 Nf2 1-0

[Event "Vejle"]
[Site "Vejle"]
[Date "1994.??.??"]
[Round "?"]
[White "Sahl, Bjarke"]
[Black "Sax, Gyula"]
[Result "1/2-1/2"]
[WhiteElo "2465"]
[BlackElo "2520"]
[PlyCount "48"]
[EventDate "1994.02.??"]
[EventType "tourn"]
[EventRounds "9"]
[EventCountry "DEN"]
[EventCategory "10"]
[Source "ChessBase"]
[SourceDate "1994.06.01"]

1. e4 c5 2. Nf3 e6 3. Nc3 Nc6 4. d4 cxd4 5. Nxd4 d6 6. Nxc6 bxc6 7. Bd3 Nf6 8.
O-O Be7 9. Kh1 O-O 10. f4 Qc7 11. b3 Nd7 12. Qe1 Nc5 13. Bb2 Qd8 14. Be2 Bb7
15. Qd2 Bf6 16. Qe3 Nd7 17. Rad1 d5 18. Qh3 g6 19. Ba3 Re8 20. e5 Be7 21. Bxe7
Qxe7 22. Na4 Nb6 23. Nb2 a5 24. a4 c5 1/2-1/2

[Event "Vejle"]
[Site "Vejle"]
[Date "1994.??.??"]
[Round "?"]
[White "Sahl, Bjarke"]
[Black "Sher, Miron N"]
[Result "1/2-1/2"]
[WhiteElo "2465"]
[BlackElo "2520"]
[PlyCount "57"]
[EventDate "1994.02.??"]
[EventType "tourn"]
[EventRounds "9"]
[EventCountry "DEN"]
[EventCategory "10"]
[Source "ChessBase"]
[SourceDate "1994.06.01"]

1. e4 c5 2. Nf3 d6 3. d4 Nf6 4. Nc3 cxd4 5. Nxd4 Nc6 6. Be2 g6 7. O-O Bg7 8.
Be3 O-O 9. Qd2 Ng4 10. Bxg4 Bxg4 11. Nxc6 bxc6 12. Bh6 Be6 13. Bxg7 Kxg7 14.
Ne2 Qb6 15. b3 a5 16. Rae1 f6 17. Nd4 Bd7 18. Re3 a4 19. Rg3 axb3 20. axb3 Qc5
21. Re1 Ra2 22. Rc3 Qa5 23. h3 Rb8 24. Kh2 Ra1 25. Rxa1 Qxa1 26. f4 Qa5 27. Nf3
Qc7 28. Rd3 Be6 29. Qc3 1/2-1/2

[Event "Vejle"]
[Site "Vejle"]
[Date "1994.??.??"]
[Round "?"]
[White "Sahl, Bjarke"]
[Black "Nielsen, Uffe V"]
[Result "1-0"]
[WhiteElo "2465"]
[BlackElo "2385"]
[PlyCount "81"]
[EventDate "1994.02.??"]
[EventType "tourn"]
[EventRounds "9"]
[EventCountry "DEN"]
[EventCategory "10"]
[Source "ChessBase"]
[SourceDate "1994.06.01"]

1. e4 c5 2. Nf3 e6 3. Nc3 a6 4. d4 cxd4 5. Nxd4 Qc7 6. g3 Nc6 7. Bg2 Nge7 8.
O-O Nxd4 9. Qxd4 Nc6 10. Qd2 Bc5 11. b3 b5 12. Bb2 d6 13. Rad1 O-O 14. Ne2 Bb7
15. Nf4 Ne5 16. Nh5 f5 17. b4 Nc4 18. Qc3 Bb6 19. Qxg7+ Qxg7 20. Bxg7 Rf7 21.
Bd4 Bxd4 22. Rxd4 e5 23. Rdd1 fxe4 24. g4 d5 25. g5 Nb6 26. Rfe1 Re7 27. c3 Kf7
28. h4 Bc8 29. Nf6 Be6 30. f3 exf3 31. Bxf3 e4 32. Be2 h6 33. Rf1 Kg6 34. Nh5
hxg5 35. Rf6+ Kh7 36. hxg5 Rc8 37. Rdf1 Rxc3 38. Rh6+ Kg8 39. Nf6+ Kg7 40. Rh7+
Kf8 41. Nxe4+ 1-0

[Event "Vejle"]
[Site "Vejle"]
[Date "1994.??.??"]
[Round "?"]
[White "Sahl, Bjarke"]
[Black "Hansen, Curt"]
[Result "0-1"]
[WhiteElo "2465"]
[BlackElo "2580"]
[PlyCount "80"]
[EventDate "1994.02.??"]
[EventType "tourn"]
[EventRounds "9"]
[EventCountry "DEN"]
[EventCategory "10"]
[Source "ChessBase"]
[SourceDate "1994.06.01"]

1. e4 d6 2. d4 Nf6 3. Nc3 g6 4. Bg5 Bg7 5. f3 c6 6. Qd2 Nbd7 7. Bh6 Bxh6 8.
Qxh6 b5 9. Nge2 e5 10. dxe5 dxe5 11. Nc1 Bb7 12. Nd3 Qe7 13. g3 O-O-O 14. b4 a5
15. a3 Kc7 16. Be2 axb4 17. axb4 Ra8 18. Kf2 Rxa1 19. Rxa1 Ra8 20. Rxa8 Bxa8
21. Qe3 Bb7 22. Nb1 Nb6 23. Nd2 Nfd7 24. Nc5 Nxc5 25. bxc5 Na4 26. Nb3 Bc8 27.
c4 b4 28. Bf1 f5 29. Kg1 fxe4 30. Qxe4 Nxc5 31. Qe3 Nxb3 32. Qxb3 Qc5+ 33. Kg2
Be6 34. g4 Kd6 35. h4 Ke7 36. Qa2 Qe3 37. Qa8 e4 38. Qb7+ Bd7 39. Qxb4+ c5 40.
Qb7 Qxf3+ 0-1

[Event "Vejle"]
[Site "Vejle"]
[Date "1994.??.??"]
[Round "?"]
[White "Sahl, Bjarke"]
[Black "Madsen, Peder"]
[Result "1-0"]
[WhiteElo "2465"]
[BlackElo "2260"]
[PlyCount "62"]
[EventDate "1994.02.??"]
[EventType "tourn"]
[EventRounds "9"]
[EventCountry "DEN"]
[EventCategory "10"]
[Source "ChessBase"]
[SourceDate "1994.06.01"]

1. e4 c5 2. Nf3 Nc6 3. Nc3 Nf6 4. d4 cxd4 5. Nxd4 d6 6. Be2 g6 7. Nb3 Bg7 8.
O-O O-O 9. Bg5 Be6 10. f4 Na5 11. Kh1 Nc4 12. Bxc4 Bxc4 13. Rf2 Qb6 14. Qf3
Rac8 15. Rd2 Be6 16. h3 Rfe8 17. Rad1 Qa6 18. Nd4 Rc5 19. Nxe6 fxe6 20. Bxf6
Bxf6 21. e5 dxe5 22. Ne4 Rcc8 23. Nxf6+ exf6 24. fxe5 fxe5 25. Qf6 Rf8 26. Qxe5
Rf1+ 27. Kh2 Rxd1 28. Rxd1 Qc6 29. Rd6 Qe8 30. Rxe6 Qf8 31. Re7 Rxc2 1-0

[Event "Vejle"]
[Site "Vejle"]
[Date "1994.??.??"]
[Round "?"]
[White "Sax, Gyula"]
[Black "Sher, Miron N"]
[Result "1/2-1/2"]
[WhiteElo "2520"]
[BlackElo "2520"]
[PlyCount "41"]
[EventDate "1994.02.??"]
[EventType "tourn"]
[EventRounds "9"]
[EventCountry "DEN"]
[EventCategory "10"]
[Source "ChessBase"]
[SourceDate "1994.06.01"]

1. e4 c5 2. Nf3 d6 3. d4 Nf6 4. Nc3 cxd4 5. Nxd4 Nc6 6. Bg5 e6 7. Qd2 a6 8.
O-O-O h6 9. Be3 Bd7 10. f3 b5 11. g4 Nxd4 12. Qxd4 Qc7 13. h4 Rc8 14. Bd3 e5
15. Qb6 Qxb6 16. Bxb6 Be6 17. a4 b4 18. Ne2 Bb3 19. Nc3 Be6 20. Ne2 Bb3 21. Nc3
1/2-1/2

[Event "Vejle"]
[Site "Vejle"]
[Date "1994.??.??"]
[Round "?"]
[White "Sax, Gyula"]
[Black "Madsen, Peder"]
[Result "1-0"]
[WhiteElo "2520"]
[BlackElo "2260"]
[PlyCount "71"]
[EventDate "1994.02.??"]
[EventType "tourn"]
[EventRounds "9"]
[EventCountry "DEN"]
[EventCategory "10"]
[Source "ChessBase"]
[SourceDate "1994.06.01"]

1. e4 d5 2. exd5 Qxd5 3. Nc3 Qa5 4. g3 Nf6 5. Bg2 Nc6 6. Nf3 Bg4 7. h3 Bh5 8.
O-O e6 9. a3 Bb4 10. Ne2 Bd6 11. Rb1 Qf5 12. Ne1 Bxe2 13. Qxe2 Nd4 14. Qd1
O-O-O 15. d3 h5 16. Be3 Qe5 17. Nf3 Nxf3+ 18. Qxf3 c6 19. Rfe1 Bc5 20. Bh6
Qxe1+ 21. Rxe1 Rxh6 22. b4 Bd4 23. b5 Nd5 24. Rf1 h4 25. bxc6 bxc6 26. c4 Rf6
27. Qe4 Ne7 28. Qxh4 Nf5 29. Qe4 e5 30. Kh2 Rh8 31. h4 g5 32. Bh3 gxh4 33.
Bxf5+ Kc7 34. g4 Rb8 35. c5 Rb2 36. g5 1-0

[Event "Vejle"]
[Site "Vejle"]
[Date "1994.??.??"]
[Round "?"]
[White "Sax, Gyula"]
[Black "Mortensen, Erling"]
[Result "1/2-1/2"]
[WhiteElo "2520"]
[BlackElo "2470"]
[PlyCount "72"]
[EventDate "1994.02.??"]
[EventType "tourn"]
[EventRounds "9"]
[EventCountry "DEN"]
[EventCategory "10"]
[Source "ChessBase"]
[SourceDate "1994.06.01"]

1. e4 c5 2. Nf3 Nc6 3. d4 cxd4 4. Nxd4 Qc7 5. Nb5 Qb8 6. c4 Nf6 7. N5c3 b6 8.
Be2 Bb7 9. O-O e6 10. Kh1 h5 11. f4 h4 12. h3 Bc5 13. e5 Ng8 14. Bd3 Nge7 15.
a3 a5 16. Nb5 Nd4 17. Nxd4 Bxd4 18. Bc2 Bc5 19. Nc3 g6 20. Ne4 Bxe4 21. Bxe4
Nf5 22. Bxa8 Ng3+ 23. Kh2 Nxf1+ 24. Qxf1 Qxa8 25. Bd2 a4 26. Rd1 Qe4 27. Bc3
Be3 28. Bd2 Bxd2 29. Rxd2 Rh5 30. Qf2 g5 31. Rd4 Qf5 32. Qf3 gxf4 33. Qa8+ Ke7
34. Rxd7+ Kxd7 35. Qb7+ Ke8 36. Qb8+ Ke7 1/2-1/2

[Event "Vejle"]
[Site "Vejle"]
[Date "1994.??.??"]
[Round "?"]
[White "Sher, Miron N"]
[Black "Hector, Jonny"]
[Result "1/2-1/2"]
[WhiteElo "2520"]
[BlackElo "2515"]
[PlyCount "95"]
[EventDate "1994.02.??"]
[EventType "tourn"]
[EventRounds "9"]
[EventCountry "DEN"]
[EventCategory "10"]
[Source "ChessBase"]
[SourceDate "1994.06.01"]

1. c4 c6 2. e4 e5 3. Nf3 f5 4. Be2 fxe4 5. Nxe5 Qh4 6. Nc3 d6 7. Bg4 Na6 8.
Bxc8 Rxc8 9. Ng4 Nc5 10. O-O Nf6 11. Nxf6+ gxf6 12. g3 Rg8 13. Re1 f5 14. d3
Be7 15. dxe4 f4 16. Qf3 Ne6 17. Kh1 fxg3 18. fxg3 Qf6 19. Qxf6 Bxf6 20. Bd2 h5
21. Rf1 Be5 22. Rf5 h4 23. gxh4 Rg4 24. Rg1 Rxh4 25. Rg2 Ke7 26. Be1 Rh7 27.
Bg3 Nd4 28. Rff2 Rch8 29. Ne2 Ne6 30. b3 a6 31. Nf4 Bxf4 32. Bxf4 Rh4 33. Bg5+
Nxg5 34. Rxg5 Rxe4 35. Rg7+ Ke6 36. Rxb7 Re1+ 37. Kg2 Rg8+ 38. Kf3 Rf8+ 39. Kg2
Rg8+ 40. Kh3 Reg1 41. Re2+ Kf5 42. Rh7 d5 43. Rh5+ R8g5 44. Rh4 Rd1 45. Rf2+
Ke5 46. Re2+ Kf5 47. Rf2+ Ke5 48. Re2+ 1/2-1/2

[Event "Vejle"]
[Site "Vejle"]
[Date "1994.??.??"]
[Round "?"]
[White "Sher, Miron N"]
[Black "Madsen, Peder"]
[Result "1-0"]
[WhiteElo "2520"]
[BlackElo "2260"]
[PlyCount "71"]
[EventDate "1994.02.??"]
[EventType "tourn"]
[EventRounds "9"]
[EventCountry "DEN"]
[EventCategory "10"]
[Source "ChessBase"]
[SourceDate "1994.06.01"]

1. g3 e5 2. c4 Nf6 3. Bg2 Nc6 4. Nf3 d5 5. cxd5 Nxd5 6. O-O Nb6 7. Nc3 Be7 8.
a3 O-O 9. b4 Be6 10. Rb1 f6 11. d3 Qe8 12. Nd2 Rd8 13. Nb3 Kh8 14. Bd2 Nd5 15.
Qc2 Nxc3 16. Qxc3 Rd6 17. Be3 Qf7 18. Rfc1 Rfd8 19. Na5 Nxa5 20. bxa5 b6 21.
Qxc7 R6d7 22. Qc3 bxa5 23. Qxa5 Bd5 24. Bxd5 Qxd5 25. Qxd5 Rxd5 26. a4 a5 27.
Rb7 Bf8 28. Rcc7 h5 29. Kg2 h4 30. g4 Re8 31. Kh3 Kh7 32. f3 Kg6 33. Kxh4 Ra8
34. Kh3 Ra6 35. Kg2 f5 36. Rb5 1-0

[Event "Vejle"]
[Site "Vejle"]
[Date "1994.??.??"]
[Round "?"]
[White "Sher, Miron N"]
[Black "Hansen, Curt"]
[Result "1/2-1/2"]
[WhiteElo "2520"]
[BlackElo "2580"]
[PlyCount "50"]
[EventDate "1994.02.??"]
[EventType "tourn"]
[EventRounds "9"]
[EventCountry "DEN"]
[EventCategory "10"]
[Source "ChessBase"]
[SourceDate "1994.06.01"]

1. c4 Nf6 2. Nc3 e5 3. Nf3 Nc6 4. e4 d6 5. d3 g6 6. g3 Bg7 7. Bg2 O-O 8. O-O h6
9. Rb1 a5 10. a3 Be6 11. b4 axb4 12. axb4 Kh7 13. h3 Ne7 14. Kh2 c6 15. b5 Nd7
16. bxc6 bxc6 17. Qc2 Qc7 18. Bd2 Ra3 19. Rb2 Rfa8 20. Rfb1 Nc5 21. Be3 Qa5 22.
Bd2 Qc7 23. Be3 Qa5 24. Bd2 Qa7 25. Be3 Qa5 1/2-1/2

[Event "Vejle"]
[Site "Vejle"]
[Date "1994.??.??"]
[Round "?"]
[White "Sher, Miron N"]
[Black "Hansen, Lars Bo"]
[Result "1/2-1/2"]
[WhiteElo "2520"]
[BlackElo "2545"]
[PlyCount "39"]
[EventDate "1994.02.??"]
[EventType "tourn"]
[EventRounds "9"]
[EventCountry "DEN"]
[EventCategory "10"]
[Source "ChessBase"]
[SourceDate "1994.06.01"]

1. c4 c6 2. e4 d5 3. exd5 cxd5 4. d4 Nf6 5. Nc3 e6 6. Nf3 Be7 7. cxd5 Nxd5 8.
Bd3 Nc6 9. O-O O-O 10. Re1 Bf6 11. Be4 Nce7 12. Qd3 h6 13. Ne5 Nxc3 14. Qxc3
Nf5 15. Be3 Nxe3 16. Qxe3 Qb6 17. Rad1 Rd8 18. b3 Bd7 19. Qf3 Bb5 20. Qf4
1/2-1/2